National Assembly Library of Thailand

การจัดการสมัยใหม่ (ระเบียนเลขที่ 98032)

รายละเอียดในรูปแบบ MARC
000 -LEADER
fixed length control field 00822nas a22002177a 4500
003 - CONTROL NUMBER IDENTIFIER
control field NALT
005 - DATE AND TIME OF LATEST TRANSACTION
control field 20210222125228.0
008 - FIXED-LENGTH DATA ELEMENTS--GENERAL INFORMATION
fixed length control field 210222b th |||p| |||| 00| 0 tha d
022 ## - INTERNATIONAL STANDARD SERIAL NUMBER
International Standard Serial Number 16867319 (Online)
040 ## - CATALOGING SOURCE
Original cataloging agency NALT
041 ## - LANGUAGE CODE
Language code of text/sound track or separate title tha
245 00 - TITLE STATEMENT
Title การจัดการสมัยใหม่
260 ## - PUBLICATION, DISTRIBUTION, ETC.
Place of publication, distribution, etc. สาขาวิชาวิทยาการจัดการ มหาวิทยาลัยสุโขทัยธรรมาธิราช
310 ## - CURRENT PUBLICATION FREQUENCY
Current publication frequency รายหกเดือน
500 ## - GENERAL NOTE
General note วารสารอิเล็กทรอนิกส์
650 ## - SUBJECT ADDED ENTRY--TOPICAL TERM
Source of heading or term การจัดการ
850 ## - HOLDING INSTITUTION
Holding institution NALT
856 ## - ELECTRONIC LOCATION AND ACCESS
Uniform Resource Identifier <a href="https://so04.tci-thaijo.org/index.php/NDJ/issue/archive">https://so04.tci-thaijo.org/index.php/NDJ/issue/archive</a>
942 ## - ADDED ENTRY ELEMENTS (KOHA)
Koha item type Journal/Magazine
Source of classification or shelving scheme Library of Congress Classification
998 ## - STAFF NAME (NALT)
-- 755
-- จินตนา เอี่ยมคง

ไม่มีตัวเล่มให้บริการ

หอสมุดรัฐสภา
สำนักงานเลขาธิการสภาผู้แทนราษฎร เลขที่ 1111 ถนนสามเสน แขวงถนนนครไชยศรี เขตดุสิต กรุงเทพฯ 10300
The Secretariat of the House of Representatives 1111 Samsen Road, Thanon Nakhon Chai Si, Dusit, Bangkok 10300, THAILAND
โทรศัพท์: +66(0) 2242 5900 ต่อ 5714-5 โทรสาร: +66(0) 2242 5990 อีเมล: [email protected]